skbl

Dr Suryya Kumar Bhuyan Library Web-OPAC
ডঃ সূৰ্য্য
কুমাৰ ভূঞা পুথিভঁৰাল ৱেব-অ'পেক

All Research Scholars are advised to clear the annual library fees to continue using Library Resources, Remote Access, Plagiarism Test and Library Clearance.

Cotton University Book Fair 2026

The hindu view of life / (Record no. 37408)

MARC details
000 -LEADER
fixed length control field 00556nam a2200169Ia 4500
001 - CONTROL NUMBER
control field 37429
008 - FIXED-LENGTH DATA ELEMENTS--GENERAL INFORMATION
fixed length control field 190408s1993 ii g b000 u 465 u
020 ## - INTERNATIONAL STANDARD BOOK NUMBER
International Standard Book Number 9788172238452
082 ## - DEWEY DECIMAL CLASSIFICATION NUMBER
Classification number 320.934
100 ## - MAIN ENTRY--PERSONAL NAME
Personal name Radhakrishnan, S,
Relator term Author.
245 #0 - TITLE STATEMENT
Title The hindu view of life /
Statement of responsibility, etc. by S Radhakrishnan
Medium Textual Documents
250 ## - EDITION STATEMENT
Edition statement 1st ed.
260 ## - PUBLICATION, DISTRIBUTION, ETC.
Place of publication, distribution, etc. Noida
Name of publisher, distributor, etc. Harper Collins
Date of publication, distribution, etc. 1993
500 ## - GENERAL NOTE
General note The book has been replaced with the book Hindu public life witten by U N Ghosh. Borrowers name-Madhumita Mikir
653 ## - INDEX TERM--UNCONTROLLED
Uncontrolled term Political Science
942 ## - ADDED ENTRY ELEMENTS (KOHA)
Source of classification or shelving scheme Dewey Decimal Classification
Koha item type Books
Holdings
Withdrawn status Lost status Damaged status Not for loan Collection Home library Current library Date acquired Coded location qualifier Cost, normal purchase price Total checkouts Full call number Barcode Date last seen Copy number Price effective from Koha item type
          Dr. Suryya Kumar Bhuyan Library Dr. Suryya Kumar Bhuyan Library 01/02/2012 00000 199.00   320,934 G 346 h SL-9622 14/01/2024 1 01/02/2012 Books

Designed and Maintained by Team SKBL
©1901-2026

Powered by Koha